000 00587nam a2200181Ia 4500
008 090124s9999 xx 000 0 und d
082 _b108711
100 _aअमरेंद्र.
245 _a संताना दाखवलेली पाऊलवाट
250 _a1
260 _c1961
300 _a24
600 _aअमरेंद्र.
630 _a संताना दाखवलेली पाऊलवाट
700 _aअमरेंद्र.
730 _a संताना दाखवलेली पाऊलवाट
942 _cBOOK
999 _c154802
_d154802